Visma Riders - Statistics

General Stats
  • This quiz has been taken 4 times
  • The average score is 15 of 28
Answer Stats
Hint Answer % Correct
๐Ÿ‡ซ๐Ÿ‡ท Axel Zingle
100%
๐Ÿ‡ฎ๐Ÿ‡น Edoardo Affini
100%
๐Ÿ‡ฉ๐Ÿ‡ฐ Jonas Vingegaard
100%
๐Ÿ‡บ๐Ÿ‡ธ Matteo Jorgensen
100%
๐Ÿ‡ฌ๐Ÿ‡ง Matthew Brennan
100%
๐Ÿ‡ณ๐Ÿ‡ด Per Strand Hagenes
100%
๐Ÿ‡บ๐Ÿ‡ธ Sepp Kuss
100%
๐Ÿ‡ณ๐Ÿ‡ฑ Steven Kruijswijk
100%
๐Ÿ‡ง๐Ÿ‡ช Wout Van Aert
100%
๐Ÿ‡ซ๐Ÿ‡ท Bruno Amirail
67%
๐Ÿ‡ซ๐Ÿ‡ท Christophe Laporte
67%
๐Ÿ‡ณ๐Ÿ‡ฑ Menno Huising
67%
๐Ÿ‡ฌ๐Ÿ‡ง Owain Doull
67%
๐Ÿ‡ง๐Ÿ‡ช Victor Campanaerts
67%
๐Ÿ‡ฉ๐Ÿ‡ช Anton Schiffer
33%
๐Ÿ‡ณ๐Ÿ‡ฑ Bart Lemmen
33%
๐Ÿ‡ฎ๐Ÿ‡น Davide Piganzoli
33%
๐Ÿ‡ฎ๐Ÿ‡น Filippo Fiorelli
33%
๐Ÿ‡ณ๐Ÿ‡ด Jorgen Nordhagen
33%
๐Ÿ‡ณ๐Ÿ‡ฑ Loe Van Belle
33%
๐Ÿ‡ณ๐Ÿ‡ฑ Tijmen Graat
33%
๐Ÿ‡ง๐Ÿ‡ช Timo Kielich
33%
๐Ÿ‡ณ๐Ÿ‡ฑ Wilco Kelderman
33%
๐Ÿ‡ฌ๐Ÿ‡ง Ben Tulett
0%
๐Ÿ‡ซ๐Ÿ‡ท Louis Barre
0%
๐Ÿ‡ฉ๐Ÿ‡ช Niklas Behrens
0%
๐Ÿ‡ฎ๐Ÿ‡น Pietro Mattio
0%
๐Ÿ‡ง๐Ÿ‡ช Tim Rex
0%
No matching quizzes found
Score Distribution
Percent of People with Each Score
Percentile by Number Answered
Your Score History
You have not taken this quiz